000 00532nam a2200193Ia 4500
005 20250326125425.0
008 250326s9999 xx 000 0 und d
037 _aTextbook
040 _aFMSL
_beng
_cFMSL
041 _aeng
_2eng
084 _aZ3 K8
_qFMSL
100 _aDesai T R
_9684842
245 0 _aIndian contract act sale of goods act and partnership act
_cDesai T R
250 _a17
260 _aCalcutta
_bCalcutta, S C Sarkar
_c1968
300 _a704p
942 _cTB
_hZ3 K8
999 _c1277999
_d1277999